Aplikovaný elektromagnetizmus
Uložené v:
| Hlavný autor: | |
|---|---|
| Médium: | Kniha |
| Jazyk: | Czech |
| Vydavateľské údaje: |
České Budějovice :
Kopp nakladatelství,
2012
|
| Vydanie: | 1. vyd. |
| Predmet: | |
| Tagy: |
Žiadne tagy, Buďte prvý, kto otaguje tento záznam!
|
MARC
| LEADER | 00000nam a22000003a 4500 | ||
|---|---|---|---|
| 001 | stu254771 | ||
| 005 | 20250603135950.4 | ||
| 008 | 120925s--------xr------------------cze-d | ||
| 020 | |a 978-80-7232-424-8 | ||
| 040 | |a STU |b slo | ||
| 041 | 0 | |a cze | |
| 044 | |a xr | ||
| 080 | |a 53 |7 stu_us_auth*stu7966 | ||
| 100 | 1 | |a Mayer, Daniel |4 aut | |
| 245 | 1 | |a Aplikovaný elektromagnetizmus | |
| 250 | |a 1. vyd. | ||
| 260 | |a České Budějovice : |b Kopp nakladatelství, |c 2012 | ||
| 300 | |a 531 s. | ||
| 650 | 7 | |a aplikovaný elektromagnetizmus |2 stusub | |
| 996 | |b 284EK89068 |c E*89068 |l EE34 |s P |a 0 |w stu254771_0001 | ||
| 996 | |b 284EK89095 |c E*89095 |l EE01 |s A |a 24 |w stu254771_0002 | ||
| 996 | |b 284EK89069 |c E*89069 |l EE34 |s P |a 0 |w stu254771_0003 | ||
| 996 | |b 284EK89096 |c E*89096 |l EE01 |s A |a 24 |w stu254771_0004 | ||
| 996 | |b 284EK89075 |c E*89075 |l EE34 |s P |a 0 |w stu254771_0005 | ||
| 996 | |b 284EK89094 |c E*89094 |l EE01 |s A |a 24 |w stu254771_0006 | ||
| 996 | |b 284EK89398 |c E*89398 |l EE34 |s P |a 0 |w stu254771_0007 | ||
| 996 | |b 284EK91034 |c E* 91034 |l EE0101 |s P |a 0 |w stu254771_0008 | ||